|
|
|
|
| LEADER |
00000cam a2200000 7i4500 |
| 001 |
0000013512 |
| 005 |
20080117.0 |
| 008 |
080117 |
| 020 |
|
|
|a 9830460584
|
| 090 |
0 |
0 |
|a 297.211
|b MUH
|
| 100 |
0 |
|
|a Muhammad Isa Selamat
|
| 245 |
1 |
0 |
|a Sifat 20 :
|b sifat-sifat Allah & mentauhidkan diri kepadaNya
|c Muhammad Isa Selamat
|
| 260 |
|
|
|a Kuala Lumpur :
|b Darul Nu'man ,
|c 2002
|
| 650 |
|
0 |
|a Islam
|x Doctrines
|
| 710 |
0 |
|
|a Title
|
| 999 |
|
|
|a 0000746737
|b Book
|c Adult Collection
|e Cawangan Mersing
|
| 999 |
|
|
|a 0000921832
|b Book
|c Adult Collection
|e Cawangan Bukit Gambir
|
| 999 |
|
|
|a 0000921834
|b Book
|c Adult Collection
|e Cawangan Bukit Gambir
|
| 999 |
|
|
|a 0000932722
|b Book
|c Adult Collection
|e Cawangan Tangkak
|
| 999 |
|
|
|a 0000932724
|b Book
|c Adult Collection
|e Cawangan Tangkak
|
| 999 |
|
|
|a 0000936165
|b Book
|c Adult Collection
|e Cawangan Tangkak
|
| 999 |
|
|
|a 0000936166
|b Book
|c Adult Collection
|e Cawangan Tangkak
|
| 999 |
|
|
|a 0001006521
|b Book
|c Adult Collection
|e Perbadanan Perpustakaan Awam Johor
|
| 999 |
|
|
|a 0001006522
|b Book
|c Adult Collection
|e Perbadanan Perpustakaan Awam Johor
|
| 999 |
|
|
|a 0001006523
|b Book
|c Adult Collection
|e Perbadanan Perpustakaan Awam Johor
|